Study on safety and health measures towards the welfare of construction site employees with reference to nirmal estates quepem Goa / (Record no. 230874)
[ view plain ]
| 000 -LEADER | |
|---|---|
| fixed length control field | 00751nam a22001937a 4500 |
| 003 - CONTROL NUMBER IDENTIFIER | |
| control field | OSt |
| 005 - DATE AND TIME OF LATEST TRANSACTION | |
| control field | 20240528105324.0 |
| 008 - FIXED-LENGTH DATA ELEMENTS--GENERAL INFORMATION | |
| fixed length control field | 240523b ||||| |||| 00| 0 eng d |
| 040 ## - CATALOGING SOURCE | |
| Transcribing agency | AIMIT LIBRARY |
| 100 ## - MAIN ENTRY--PERSONAL NAME | |
| Personal name | Pereira, Flanny Carmel. |
| Relator term | 2016045 |
| 9 (RLIN) | 166926 |
| 245 ## - TITLE STATEMENT | |
| Title | Study on safety and health measures towards the welfare of construction site employees with reference to nirmal estates quepem Goa / |
| Statement of responsibility, etc. | By Flanny Carmel Pereira ; Guided by Flanny Carmel Pereira. |
| 260 ## - PUBLICATION, DISTRIBUTION, ETC. | |
| Place of publication, distribution, etc. | Goa ; |
| Date of publication, distribution, etc. | 2022. |
| 650 ## - SUBJECT ADDED ENTRY--TOPICAL TERM | |
| Topical term or geographic name entry element | Industry profile company profile and introduction to study |
| 9 (RLIN) | 168145 |
| 650 ## - SUBJECT ADDED ENTRY--TOPICAL TERM | |
| Topical term or geographic name entry element | Literature review |
| 9 (RLIN) | 168146 |
| 650 ## - SUBJECT ADDED ENTRY--TOPICAL TERM | |
| Topical term or geographic name entry element | Research methodology |
| 9 (RLIN) | 168147 |
| 700 ## - ADDED ENTRY--PERSONAL NAME | |
| Personal name | Harinakshi. |
| Relator term | Guide |
| 9 (RLIN) | 166927 |
| 856 ## - ELECTRONIC LOCATION AND ACCESS | |
| Materials specified | Nirmal Estates |
| 942 ## - ADDED ENTRY ELEMENTS (KOHA) | |
| Source of classification or shelving scheme | Dewey Decimal Classification |
| Koha item type | Project Report |
| Withdrawn status | Lost status | Source of classification or shelving scheme | Damaged status | Not for loan | Collection code | Home library | Current library | Shelving location | Date acquired | Total Checkouts | Barcode | Date last seen | Copy number | Price effective from | Koha item type |
|---|---|---|---|---|---|---|---|---|---|---|---|---|---|---|---|
| Dewey Decimal Classification | Not for loan | Project Report MBA | St Aloysius Institute of Management & Information Technology | St Aloysius Institute of Management & Information Technology | Dissertations | 05/23/2024 | PRB01900 | 05/23/2024 | 2016045 | 05/23/2024 | Project Report |